ბათუმის შოთა რუსთაველის სახელმწიფო უნივერსიტეტის ბიბლიოთეკა

Тригонометрия. (ბიბ.ჩანაწერი № 38849)

000 -LEADER
fixed length control field 00566nam a2200205Ia 4500
001 - CONTROL NUMBER
control field 5259
003 - CONTROL NUMBER IDENTIFIER
control field GE_BSU
008 - FIXED-LENGTH DATA ELEMENTS--GENERAL INFORMATION
fixed length control field 181216s||||||||xx |||||||||||||| ||und||
040 ## - CATALOGING SOURCE
Transcribing agency GE_BSU
100 ## - MAIN ENTRY--PERSONAL NAME
Personal name Бермант, А. Ф. Люстерник, Л. А.
245 ## - TITLE STATEMENT
Title Тригонометрия.
245 ## - TITLE STATEMENT
Statement of responsibility, etc. Ред А.З. Ривкин и Л.Я.Цлаф
250 ## - EDITION STATEMENT
Edition statement 2-е стереотип/
260 ## - PUBLICATION, DISTRIBUTION, ETC.
Place of publication, distribution, etc. Москва
260 ## - PUBLICATION, DISTRIBUTION, ETC.
Name of publisher, distributor, etc. Гостехиздат
260 ## - PUBLICATION, DISTRIBUTION, ETC.
Date of publication, distribution, etc. 1957
300 ## - PHYSICAL DESCRIPTION
Extent 179 с. 20 см.
653 ## - INDEX TERM--UNCONTROLLED
Uncontrolled term Тригонометрия.
942 ## - ADDED ENTRY ELEMENTS (KOHA)
Koha item type წიგნი
ეგზემპლარები
Withdrawn status Lost status Damaged status Not for loan Date acquired Barcode Date last seen Price effective from Koha item type
        2018-12-17 16224 2018-12-17 2018-12-17 წიგნი